| 000 | 00747nam a2200277Ia 4500 | ||
|---|---|---|---|
| 003 | OSt | ||
| 005 | 20221006145216.0 | ||
| 006 | a|||||r|||| 00| 0 | ||
| 007 | ta | ||
| 008 | 221006b |||||||| |||| 00| 0 chi d | ||
| 020 |
_a9787801262639 _cYu 14.00 |
||
| 024 | _a14,127 | ||
| 037 |
_bGift, PRC _cTextual |
||
| 040 |
_aEASL _cEASL _bchi |
||
| 041 |
_2chi _achi |
||
| 082 | _aP41, N7 | ||
| 100 |
_aWANG Lijia Ed. _9653739 |
||
| 245 | 0 | _aYuegangren xuexi putonghua duben | |
| 260 |
_aBeijing _bYuwen Chubanshe China _c1997 |
||
| 300 |
_a171p. _ccm. |
||
| 490 | _v CL | ||
| 650 |
_a CL _9642733 |
||
| 650 |
_aChinese Language _9224250 |
||
| 942 |
_hP41, N7 _cTEXL _2CC |
||
| 999 |
_c1082213 _d1082213 |
||